000 00774nam a22002535i 4500
001 11113
003 ES-MaACL
005 20250514194918.0
007 t|
008 940216s1993 sp ||||0| spa j
020 _a84-376-1185-7
040 _aM-BN
_bspa
_cM-BN
080 _a316.64:860.01
080 _a860.01:316.64
245 0 4 _aLas palabras de la tribu
_b: escritura y habla /
_cClara Janés ... [et al.].
260 _aMadrid :
_bCátedra :
_bMinisterio de Cultura,
_cD.L. 1993.
300 _a190 p ;
_c20 cm.
490 1 _aColección Encuentros
650 4 _aLiteratura y sociedad-
_zEspaña.
_914680
700 1 _aJanés, Clara
_966012
830 0 _aColección Encuentros
_9185764
852 _aES-MaACL
_jL-18361
_bR.121913
999 _c11113
_d11113